<?xml version="1.0" encoding="UTF-8"?>
<record
    xmlns:xsi="http://www.w3.org/2001/XMLSchema-instance"
    xsi:schemaLocation="http://www.loc.gov/MARC21/slim http://www.loc.gov/standards/marcxml/schema/MARC21slim.xsd"
    xmlns="http://www.loc.gov/MARC21/slim">

  <leader>01845nab a2200241uuc4500</leader>
  <controlfield tag="001">1402596</controlfield>
  <controlfield tag="005">20260421101404.0</controlfield>
  <controlfield tag="008">150309e20141205                    spa  </controlfield>
  <datafield tag="035" ind1=" " ind2=" ">
    <subfield code="a">1402596</subfield>
  </datafield>
  <datafield tag="040" ind1=" " ind2=" ">
    <subfield code="c">comduadb</subfield>
  </datafield>
  <datafield tag="041" ind1=" " ind2=" ">
    <subfield code="a">spa</subfield>
  </datafield>
  <datafield tag="100" ind1="1" ind2="0">
    <subfield code="a">Fern&#xE1;ndez de Arroyabe, Mar&#xED;a Luisa</subfield>
    <subfield code="4">aut</subfield>
    <subfield code="e">aut</subfield>
    <subfield code="9">693529</subfield>
  </datafield>
  <datafield tag="245" ind1="1" ind2="0">
    <subfield code="a">Ocio est&#xE9;tico valioso en la po&#xE9;tica de Arist&#xF3;teles</subfield>
  </datafield>
  <datafield tag="520" ind1="3" ind2=" ">
    <subfield code="a">El art&#xED;culo se centra en el ocio est&#xE9;tico valioso en Arist&#xF3;teles, partiendo del an&#xE1;lisis de la Po&#xE9;tica y, espec&#xED;ficamente, de la comprensi&#xF3;n de la experiencia est&#xE9;tica como actividad mental. Se destaca su dimensi&#xF3;n &#xE9;tica, realzando su valor en el desarrollo del ser humano, as&#xED; como el de la propia obra de arte, en la medida en que el poeta ha sabido construirla, encarnando en la trama los hechos y universaliz&#xE1;ndolos, al modo que le es propio. Arist&#xF3;teles se refiere a la tragedia, pero por extensi&#xF3;n esta valoraci&#xF3;n proporciona una pauta de lectura de la experiencia de ocio est&#xE9;tico. El marco aut&#xF3;nomo para el &#xE1;mbito est&#xE9;tico, que inaugura Arist&#xF3;teles, y su valoraci&#xF3;n vinculada a la dimensi&#xF3;n &#xE9;tica, a la comprensi&#xF3;n intelectual y al placer est&#xE9;tico proporcionan la base para sostener que el ocio est&#xE9;tico se confirma como un horizonte enmarcado en la senda de lo valioso y adecuado para realizar la vida que le es propia al ser humano.</subfield>
  </datafield>
  <datafield tag="600" ind1="0" ind2="4">
    <subfield code="a">Arist&#xF3;teles, </subfield>
    <subfield code="d">384-322 a. de C.</subfield>
    <subfield code="9">517345</subfield>
  </datafield>
  <datafield tag="650" ind1=" " ind2=" ">
    <subfield code="a">Arist&#xF3;teles, 384-322 a.C. Po&#xE9;tica</subfield>
    <subfield code="9">49951</subfield>
  </datafield>
  <datafield tag="650" ind1=" " ind2=" ">
    <subfield code="a">Arist&#xF3;teles, 384-322 a.C. &#xC9;tica</subfield>
    <subfield code="9">967</subfield>
  </datafield>
  <datafield tag="650" ind1=" " ind2=" ">
    <subfield code="a">Experiencia est&#xE9;tica</subfield>
    <subfield code="9">75658</subfield>
  </datafield>
  <datafield tag="650" ind1=" " ind2="7">
    <subfield code="a">Ocio</subfield>
    <subfield code="2">lemb</subfield>
    <subfield code="9">4116</subfield>
  </datafield>
  <datafield tag="650" ind1=" " ind2=" ">
    <subfield code="a">Placer est&#xE9;tico</subfield>
    <subfield code="9">187117</subfield>
  </datafield>
  <datafield tag="773" ind1="0" ind2=" ">
    <subfield code="t">Pensamiento : Revista de Investigaci&#xF3;n e Informaci&#xF3;n Filos&#xF3;fica (Madrid)</subfield>
    <subfield code="g">Volumen 70, N&#xFA;mero 264, Septiembre-Diciembre 2014, 453-474</subfield>
    <subfield code="w">125459</subfield>
    <subfield code="x">0031-4749</subfield>
    <subfield code="0">69984</subfield>
  </datafield>
  <datafield tag="942" ind1=" " ind2=" ">
    <subfield code="c">ARIMP</subfield>
  </datafield>
  <datafield tag="999" ind1=" " ind2=" ">
    <subfield code="c">706713</subfield>
    <subfield code="d">706713</subfield>
  </datafield>
</record>
